000 01754 a2200205 4500
001 59020
005 20260407155845.0
008 260407a1991 arg spa d
003 AR-UNSa-BCEJYS
040 _aAR-UNSa-BCEJYS
_bspa
_cAR-UNSa-BCEJYS
080 _a330(8)
_xEconomía de América del Sur. Estados y Regiones de América del Sur. América Latina. Iberoamérica
245 1 0 _aLa financiación del crecimiento
020 _a950-99854-0-6
264 1 _aBuenos Aires :
_bABRA
_c1991
300 _a192 p.
_c20 cm.
505 _a1. Sesión Inaugural - 2. El Nuevo Orden Económico Mundial - 3. El Nuevo Orden y América Latina - 4. La visión empresarial de la Iniciativa de las Américas - 5. La integración regional: el MERCOSUR - 6. El Consenso de Washington - 7. Teleconferencia entre Buenos Aires y Washington: perspectiva de las inversiones en Argentina. La deuda. La seguridad jurídica. La estabilidad . La inflación - 8. La banca italiana y la financiación de mediano plazo - 9. El grupo Columbus y las Privatizaciones en América Latina - 10. América Latina después de la deuda: el caso argentino - 11. América Latina después de la deuda: el caso mexicano - 12. La cultura del crecimiento - 13. El modelo italiano - 14. El modelo de Corea y Taiwán - 15. Una alternativa para Argentina - 16. Las alternativas para la atracción de capitales - 17. Mercado de capitales - 18. Fondos de pensión - 19. Flujos internacionales de capital: "outlook" para los '90 - 20. La repatriación de capitales - 21. La recuperación de la inversión externa en los países en desarrollo - 22. Sesión de Clausura.
942 _cBK
590 _aniveau_biblio:m niveau_hierar:0
100 1 _aSegundas jornadas bancarias de la República Argentina
999 _c6573
_d6573